''''C'''' Odyssey unix the open Boundless (Record no. 34099)
[ view plain ]
| 000 -LEADER | |
|---|---|
| fixed length control field | 00310nam a2200133Ia 4500 |
| 082 ## - DEWEY DECIMAL CLASSIFICATION NUMBER | |
| Classification number | 005.13 'w' |
| 100 ## - MAIN ENTRY--PERSONAL NAME | |
| Personal name | Mukhis / Vijay |
| 245 ## - TITLE STATEMENT | |
| Title | ''''C'''' Odyssey unix the open Boundless |
| 260 ## - PUBLICATION, DISTRIBUTION, ETC. | |
| Name of publisher, distributor, etc. | B.P.B. Pub |
| Place of publication, distribution, etc. | New Delhi |
| Date of publication, distribution, etc. | 1992 |
| 546 ## - LANGUAGE NOTE | |
| Language note | ENGLISH |
| 654 ## - SUBJECT ADDED ENTRY--FACETED TOPICAL TERMS | |
| Focus term | 'C' Odyssey unix |
| 942 ## - ADDED ENTRY ELEMENTS (KOHA) | |
| Koha item type | BOOK |
| Withdrawn status | Lost status | Damaged status | Not for loan | Collection | Home library | Current library | Date acquired | Cost, normal purchase price | Total Checkouts | Full call number | Barcode | Date last seen | Cost, replacement price | Price effective from | Koha item type | Total Renewals | Date last checked out |
|---|---|---|---|---|---|---|---|---|---|---|---|---|---|---|---|---|---|
| CRC | Fr. Agnel's C.Rodrigues College of Engineering | Fr. Agnel's C.Rodrigues College of Engineering | 17/03/2023 | 225.00 | 005.13 'w' | 4830 | 17/03/2023 | 225.00 | 17/03/2023 | BOOK | |||||||
| CRC | Fr. Agnel's C.Rodrigues College of Engineering | Fr. Agnel's C.Rodrigues College of Engineering | 17/03/2023 | 225.00 | 2 | 005.13 'w' | 4831 | 17/05/2024 | 225.00 | 17/03/2023 | BOOK | 1 | 13/02/2024 |